Normal view
MARC view
- Amin, Benish
Entry Personal Name
001 - CONTROL NUMBER
- control field: 124506
003 - CONTROL NUMBER IDENTIFIER
- control field: NUST
005 - DATE AND TIME OF LATEST TRANSACTION
- control field: 20240712154359.0
008 - FIXED-LENGTH DATA ELEMENTS
- fixed length control field: 240712|| aca||aabn | a|a d
040 ## - CATALOGING SOURCE
- Original cataloging agency: NUST
- Transcribing agency: NUST
100 ## - HEADING--PERSONAL NAME
- Personal name: Amin, Benish
670 ## - SOURCE DATA FOUND
- Source citation: Work cat.: (NUST): Amin, Benish, Development of Accurate Image Matting Techniques/
